000 00738nam a2200241Ia 4500
003 OSt
005 20220923215029.0
006 a|||||r|||| 00| 0
007 ta
008 220922b |||||||| |||| 00| 0 hin d
024 _a175,036
037 _cTextual
040 _aARTS
_cARTS
_bhin
041 _2hin
_ahin
082 _aO152:g, J0
100 _aवाजपेयी, किशोरीदास
245 0 _aसाहितय दर्पण निर्माण
246 _aSāhitaya darpaṇ nirmāṇa
260 _c1950
650 _aहिन्दी साहित्य
_9156264
942 _hO152:g, J0
_cTEXL
_2CC
999 _c328740
_d328740